LEADER 01188nam a2200253|i 4500 001 991003607149707536 005 20021219124333.0 008 020627s|||| it u u itauu 035 $ab11838553-39ule_inst 035 $aLE02736706$9ExL 040 $aDip.to Studi Giuridici$bita 082 0 $a328.45 110 2 $aItalia :$bPresidenza del Consiglio dei ministri$0254944 245 13$aIl dipartimento per i rapporti con il Parlamento :$bil ministro per i rapporti con il Parlamento. Cenni storici ed istituzionali. Organizzazione e compiti del dipartimento /$cPresidenza del consiglio dei ministri :$bDipartimneto per l'informazione e l'editoria 260 0 $aRoma :$bIstituto Poligrafico e Zecca dello Stato,$c1990 300 $a100 p. ;$c23 cm. 490 0 $aSocietà e istituzioni 650 4$aImprese pubbliche 907 $a.b11838553$b27-04-17$c20-12-02 912 $a991003607149707536 945 $aLE027 328.45 DIP01.01$g1$iLE027-10415$lle027$nDono prof. Michele Carducci$o-$pE0.00$q-$rl$s- $t0$u0$v0$w0$x0$y.i12090050$z20-12-02 996 $aDipartimento per i rapporti con il Parlamento$9900410 997 $aUNISALENTO 998 $ale027$b01-01-02$cm$da $e-$fita$git $h3$i1 LEADER 01771oam 2200517Ia 450 001 9910698677303321 005 20090106154956.0 035 $a(CKB)3830000000006135 035 $a(OCoLC)45393785 035 $a(EXLCZ)993830000000006135 100 $a20001025d1997 ua 0 101 0 $aeng 181 $ctxt$2rdacontent 182 $cc$2rdamedia 183 $acr$2rdacarrier 200 00$aAddressing community gang problems$b[electronic resource] $ea model for problem-solving /$fBJA, Bureau of Justice Assistance 210 1$aWashington, DC :$cU.S. Dept. of Justice, Office of Justice Programs, Bureau of Justice Assistance,$d[1997] 215 $axii, 48 pages $cdigital, PDF file 225 1 $aMonograph 300 $aTitle from title screen (viewed Jan. 6, 2009). 300 $a"Prepared by the Police Executive Research Forum, supported by cooperative agreement number 91-DD-CX-K058." 300 $a"January 1997." 300 $a"Reprinted August 1999." 300 $a"NCJ 156059." 320 $aIncludes bibliographical references (pages 33-34). 517 $aAddressing Community Gang Problems 606 $aGangs$zUnited States 606 $aCrime$zUnited States 606 $aCrime prevention$zUnited States$xCitizen participation 615 0$aGangs 615 0$aCrime 615 0$aCrime prevention$xCitizen participation. 676 $a363.45 676 $a302.34 676 $a011.53 676 $a364.177 712 02$aUnited States.$bBureau of Justice Assistance. 712 02$aPolice Executive Research Forum. 801 0$bN@F 801 1$bN@F 801 2$bOCLCQ 801 2$bGPO 906 $aBOOK 912 $a9910698677303321 996 $aAddressing community gang problems$93506022 997 $aUNINA